| 000 | 005080000a22002050004500 | ||
|---|---|---|---|
| 005 | 20120302053555.0 | ||
| 942 | _cBOOK | ||
| 245 | _a Siddha-14: 1980 | ||
| 260 | _aMumbai:Siddharth College,1983 | ||
| 300 | _a65p | ||
| 040 | _aENG | ||
| 365 | _bRs. | ||
| 650 | _aAmbedkar's Independent Labour Party | ||
| 650 | _aSadanand Rege | ||
| 650 | _aSiddha-17 | ||
| 650 | _aAbolition Movement | ||
| 650 | _aancient Economic Indian Thought | ||
| 650 | _aCritical Survey | ||
| 650 | _aSchedule-Castes-Mumbai | ||
| 999 |
_c343233 _d343230 |
||